Computer control and security <a> guide for managers and systems analysts

Na minha lista:
Detalhes bibliográficos
Autor principal: Perry, William E.
Formato: Livro
Idioma:inglês
Publicado em: New York Wiley 1981
Tags: Adicionar Tag
Sem tags, seja o primeiro a adicionar uma tag!

MARC

LEADER 00000nam a2200000 4500
001 c128670
005 20041019155244.2
041 0 |a eng 
044 |a US 
245 1 0 |a Computer control and security  |b <a> guide for managers and systems analysts  |c William E. Perry 
264 1 |a New York  |b Wiley  |c 1981 
300 |a 207 s. 
100 1 |a Perry, William E.